"Игры" вокруг игр

Détails bibliographiques
Auteur principal: Колодный А. Г. Александр Германович
Résumé:Исключено из фонда НТБ ТПУ
Langue:russe
Publié: Москва, Советская Россия, 1981
Format: MixedMaterials Livre
KOHA link:https://koha.lib.tpu.ru/cgi-bin/koha/opac-detail.pl?biblionumber=124037

MARC

LEADER 00000nam0a2200000 4500
001 124037
005 20231031130720.0
035 |a (RuTPU)RU\TPU\book\134239 
090 |a 124037 
100 |a 20071025d1981 m y0rusy50 ca 
101 0 |a rus 
102 |a RU 
105 |a a z 000zy 
200 1 |a "Игры" вокруг игр  |f А. Г. Колодный 
210 |a Москва  |c Советская Россия  |d 1981 
215 |a 160 с.  |c ил. 
333 |a Исключено из фонда НТБ ТПУ 
700 1 |a Колодный  |b А. Г.  |g Александр Германович 
801 1 |a RU  |b 63413507  |c 20071025  |g PSBO 
801 2 |a RU  |b 63413507  |c 20220602  |g RCR 
942 |c BK